| 000 | 00432nam a2200145 a 4500 | ||
|---|---|---|---|
| 005 | 20140412111326.0 | ||
| 008 | 101230s19uu xx 00 eng d | ||
| 020 | _a84-481-0158-8 | ||
| 050 |
_aTR(GS 428 _bD74 1992 |
||
| 100 | _aDos Santos, Manuel | ||
| 245 |
_aEnglish here, English there / : book1 : _bInternational Edition / _cManuel Dos Santos. |
||
| 260 |
_aColombia : _bMcGraw-Hill, _c1992. |
||
| 300 | _a32p. | ||
| 999 |
_c104656 _d104656 |
||